Smart city (Record no. 75883)
[ view plain ]
| 000 -LEADER | |
|---|---|
| fixed length control field | 01112cab a2200169 4500 |
| 001 - CONTROL NUMBER | |
| control field | L130920 |
| 008 - FIXED-LENGTH DATA ELEMENTS--GENERAL INFORMATION | |
| fixed length control field | 050919n2005 000 0 eng u |
| 035 ## - SYSTEM CONTROL NUMBER | |
| System control number | (Sirsi) u130920 |
| 041 0# - LANGUAGE CODE | |
| Language code of text/sound track or separate title | eng |
| 100 1# - MAIN ENTRY--PERSONAL NAME | |
| Personal name | David, Neil |
| 245 ## - TITLE STATEMENT | |
| Title | Smart city |
| 260 ## - PUBLICATION, DISTRIBUTION, ETC. | |
| Date of publication, distribution, etc. | 2005 |
| 490 ## - SERIES STATEMENT | |
| Series statement | MJ Focus |
| Volume/sequential designation | 1 September 2005, 18(1) |
| 520 ## - SUMMARY, ETC. | |
| Summary, etc. | Reports on an innovative risk-sharing partnership between City of Edinburgh Council and BT. Guided by the authority's Smart City Vision the council has entered into a 10-year strategic partnership with BT to deliver large-scale business transformation projects and provide the council's IT infrastructure and services. Government support has been available but on the basis that recipient authorities will be able to demonstrate considerable savings through improvements in internal organisation and procurement and by collaborative ventures to share and rationalise services. Edinburgh and BT have ensured that they only deliver projects where benefits outweigh costs such as the new planning and building control service. |
| 690 ## - LOCAL SUBJECT ADDED ENTRY--TOPICAL TERM (OCLC, RLIN) | |
| Topical term or geographic name as entry element | MANAGEMENT-STRATEGIC MANAGEMENT |
| 942 ## - ADDED ENTRY ELEMENTS (KOHA) | |
| Suppress in OPAC | 0 |
| Withdrawn status | Lost status | Source of classification or shelving scheme | Damaged status | Not for loan | Home library | Current library | Shelving location | Date acquired | Total Checkouts | Full call number | Barcode | Date last seen | Copy number | Price effective from | Koha item type |
|---|---|---|---|---|---|---|---|---|---|---|---|---|---|---|---|
| Dewey Decimal Classification | London | London | Journal article | 19/09/2005 | L130920 | 130920-1001 | 06/08/2019 | 1 | 06/08/2019 | Journal article |